Microsoft EXCEL Příručka pro uživatele
Na minha lista:
| Autor principal: | |
|---|---|
| Formato: | Livro |
| Idioma: | tcheco |
| Publicado em: |
Praha
Tis
1990
|
| Edição: | 1. vyd. |
| Tags: |
Sem tags, seja o primeiro a adicionar uma tag!
|
MARC
| LEADER | 00000nam a2200000 4500 | ||
|---|---|---|---|
| 001 | c001229 | ||
| 005 | 20240201130739.0 | ||
| 020 | |a 80-900250-1-3 | ||
| 041 | 0 | |a cze | |
| 044 | |a CZ | ||
| 245 | 1 | 0 | |a Microsoft EXCEL |b Příručka pro uživatele |c Petr Novák |
| 250 | |a 1. vyd. | ||
| 264 | 1 | |a Praha |b Tis |c 1990 | |
| 300 | |a 147 s. | ||
| 100 | 1 | |a Novák, Petr | |